[Event "Wunsiedel op 10th"]
[Site "Wunsiedel"]
[Date "2016.05.05"]
[Round "1"]
[White "Fier, Alexandr"]
[Black "Berthold, Andreas"]
[Result "1-0"]
[WhiteElo "2624"]
[BlackElo "2120"]
[PlyCount "47"]
[EventDate "2016.05.05"]
[EventType "swiss"]
[EventRounds "7"]
[EventCountry "GER"]
[SourceTitle "CBM 172 Extra"]
[Source "ChessBase"]
[SourceDate "2016.06.21"]
[SourceVersion "1"]
[SourceVersionDate "2016.06.21"]
[SourceQuality "1"]

1. e4 g6 2. d4 Bg7 3. c4 d6 4. Nc3 Nc6 5. Be3 e5 6. d5 Nd4 7. Nge2 Nxe2 8. Bxe2 f5 9. exf5 Bxf5 10. g4 Bd7 11. h4 Ne7 12. h5 gxh5 13. Rxh5 Ng6 14. Qc2 Nf8 15. 0-0-0 Qe7 16. Ne4 b6 17. Rdh1 Qf7 18. Ng5 Qg8 19. Nxh7 Nxh7 20. Rxh7 0-0-0 21. Qg6 Rxh7 22. Rxh7 Bf6 23. Qh6 e4 24. Rxd7 1-0

[Event "Vellmar op-A 4th"]
[Site "Vellmar"]
[Date "2012.07.28"]
[Round "4"]
[White "Berthold, Andreas"]
[Black "Hecht, Carsten"]
[Result "1-0"]
[WhiteElo "2150"]
[BlackElo "2050"]
[PlyCount "85"]
[EventDate "2012.07.26"]
[EventType "swiss"]
[EventRounds "7"]
[EventCountry "GER"]
[SourceTitle "EXT 2014"]
[Source "ChessBase"]
[SourceDate "2013.11.20"]
[SourceVersion "1"]
[SourceVersionDate "2013.11.20"]
[SourceQuality "1"]

1. d4 Nf6 2. c4 g6 3. g3 d5 4. Bg2 Bg7 5. Nf3 0-0 6. cxd5 Nxd5 7. 0-0 Nc6 8. e4 Nb6 9. d5 Na5 10. Nc3 c6 11. Nh4 Bd7 12. Qe2 cxd5 13. exd5 h6 14. Rd1 Nac4 15. Nf3 Bg4 16. h3 Bxf3 17. Qxf3 Rc8 18. a4 Nd6 19. Ra2 Qd7 20. a5 Nbc4 21. a6 b6 22. Ne2 Nb5 23. Nf4 Rc7 24. h4 Rfc8 25. Bh3 Ne5 26. Qe2 f5 27. Be3 Rc2 28. Qf1 Nc4 29. Nxg6 Kh7 30. h5 Nbd6 31. Re1 Ne4 32. Nh4 Ncd6 33. Qd3 e6 34. dxe6 Qxe6 35. Ra4 R8c4 36. Rxc4 Rxc4 37. Bxb6 axb6 38. a7 Ra4 39. Bxf5+ Nxf5 40. Rxe4 Ra1+ 41. Kh2 Qc6 42. Nxf5 Qc1 43. Kh3 1-0

[Event "Vellmar op-A 4th"]
[Site "Vellmar"]
[Date "2012.07.27"]
[Round "3"]
[White "Stuckenschneider, Martin"]
[Black "Berthold, Andreas"]
[Result "0-1"]
[WhiteElo "1965"]
[BlackElo "2150"]
[PlyCount "56"]
[EventDate "2012.07.26"]
[EventType "swiss"]
[EventRounds "7"]
[EventCountry "GER"]
[SourceTitle "EXT 2014"]
[Source "ChessBase"]
[SourceDate "2013.11.20"]
[SourceVersion "1"]
[SourceVersionDate "2013.11.20"]
[SourceQuality "1"]

1. d4 Nf6 2. c4 e6 3. Nc3 d5 4. Bg5 c6 5. e3 Nbd7 6. Nf3 Qa5 7. Nd2 Bb4 8. Qc2 Ne4 9. Ndxe4 dxe4 10. Bf4 0-0 11. Be2 e5 12. Bg3 exd4 13. exd4 f5 14. Bf4 Nb6 15. 0-0 Be6 16. Nd1 Nd7 17. Ne3 Nf6 18. c5 Qd8 19. Nxf5 Bxf5 20. Qc4+ Nd5 21. Qb3 Rf7 22. Bc4 Ba5 23. Qg3 Rc8 24. f3 Bc7 25. fxe4 Bxe4 26. Be5 Bxe5 27. Qxe5 Re7 28. Qg5 Re6 0-1

[Event "Vellmar op-A 4th"]
[Site "Vellmar"]
[Date "2012.07.26"]
[Round "1"]
[White "Lenz, Jonas"]
[Black "Berthold, Andreas"]
[Result "1-0"]
[WhiteElo "1952"]
[BlackElo "2150"]
[PlyCount "65"]
[EventDate "2012.07.26"]
[EventType "swiss"]
[EventRounds "7"]
[EventCountry "GER"]
[SourceTitle "EXT 2014"]
[Source "ChessBase"]
[SourceDate "2013.11.20"]
[SourceVersion "1"]
[SourceVersionDate "2013.11.20"]
[SourceQuality "1"]

1. e4 c5 2. Nf3 e6 3. d4 cxd4 4. Nxd4 a6 5. Bd3 Nf6 6. 0-0 d5 7. e5 Nfd7 8. Nxe6 Qb6 9. Nxf8 Nxf8 10. Nc3 Be6 11. Be3 Qc7 12. f4 Nc6 13. Ne2 0-0-0 14. c3 Na5 15. Nd4 Nc4 16. Bc1 Qa5 17. Qe2 Qc5 18. b3 Nb6 19. Be3 Qc7 20. Bxa6 Kb8 21. Bd3 Bd7 22. Rfc1 g5 23. fxg5 Ng6 24. Nf3 Bg4 25. Qf2 Nc8 26. c4 Bxf3 27. cxd5 Qe7 28. Bxg6 Bxd5 29. Bf5 Rdg8 30. Qf4 Be6 31. Bxe6 fxe6 32. Qa4 Rd8 33. Rxc8+ 1-0

[Event "Leutersdorf Sparkasse op 15th"]
[Site "Leutersdorf"]
[Date "2011.02.20"]
[Round "7"]
[White "Roessler, Frank Peter"]
[Black "Berthold, Andreas"]
[Result "1/2-1/2"]
[WhiteElo "1967"]
[BlackElo "2236"]
[PlyCount "65"]
[EventDate "2011.02.18"]
[EventType "swiss"]
[EventRounds "7"]
[EventCountry "GER"]
[SourceTitle "CBM 141 Extra"]
[Source "ChessBase"]
[SourceDate "2011.05.03"]
[SourceVersion "1"]
[SourceVersionDate "2011.05.03"]
[SourceQuality "1"]

1. f4 c5 2. Nf3 Nc6 3. Nc3 a6 4. e4 b5 5. d4 cxd4 6. Nxd4 Bb7 7. Be3 e6 8. Bd3 b4 9. Nce2 Nf6 10. Ng3 h5 11. Qf3 h4 12. Nge2 d5 13. e5 Ne4 14. Nxc6 Bxc6 15. Nd4 Bb7 16. f5 exf5 17. Qxf5 g6 18. Qg4 Bh6 19. Bxh6 Rxh6 20. e6 Qf6 21. exf7+ Ke7 22. 0-0-0 Bc8 23. Qf3 Qg5+ 24. Kb1 Bg4 25. Qf1 Bxd1 26. Bxe4 dxe4 27. f8Q+ Rxf8 28. Qxf8+ Kxf8 29. Ne6+ Ke7 30. Nxg5 Rh5 31. Nxe4 Re5 32. Nd2 Bg4 33. Kc1 1/2-1/2

[Event "Guben op 14th"]
[Site "Guben"]
[Date "2011.01.02"]
[Round "2"]
[White "Berthold, Andreas"]
[Black "Zakhartsov, Viacheslav V"]
[Result "0-1"]
[WhiteElo "2236"]
[BlackElo "2602"]
[PlyCount "54"]
[EventDate "2011.01.02"]
[EventType "swiss"]
[EventRounds "9"]
[EventCountry "GER"]
[SourceTitle "CBM 140 Extra"]
[Source "ChessBase"]
[SourceDate "2011.03.01"]
[SourceVersion "1"]
[SourceVersionDate "2011.03.01"]
[SourceQuality "1"]

1. d4 Nf6 2. c4 e6 3. Nf3 c5 4. Nc3 cxd4 5. Nxd4 a6 6. e4 Qc7 7. Be3 Bb4 8. Rc1 Nxe4 9. Qg4 Nxc3 10. bxc3 Bf8 11. Be2 d6 12. Qg5 Qd8 13. Qg3 e5 14. Nb3 Nc6 15. 0-0 Be6 16. f4 g6 17. c5 Qc7 18. cxd6 Bxd6 19. fxe5 Bxe5 20. Qh4 0-0 21. Bg5 Rfe8 22. Kh1 Bxh2 23. Nd4 Be5 24. Rf6 Bd5 25. Bd3 Bxf6 26. Bxf6 Nxd4 27. Bxd4 Re5 0-1

[Event "Oberliga Nord O 0708"]
[Site "Germany"]
[Date "2008.02.10"]
[Round "6.5"]
[White "Berthold, Andreas"]
[Black "Baumbach, Friedrich"]
[Result "1/2-1/2"]
[WhiteElo "2186"]
[BlackElo "2291"]
[PlyCount "30"]
[EventDate "2007.10.21"]
[EventType "team-tourn"]
[EventRounds "9"]
[EventCountry "GER"]
[SourceTitle "EXT 2009"]
[Source "ChessBase"]
[SourceDate "2008.11.26"]
[SourceVersion "1"]
[SourceVersionDate "2008.11.26"]
[SourceQuality "1"]
[WhiteTeam "Cottbus"]
[BlackTeam "Friesen Lichtenberg"]
[WhiteTeamCountry "GER"]
[BlackTeamCountry "GER"]

1. e4 c5 2. Nc3 e6 3. Nf3 d5 4. exd5 exd5 5. Bb5+ Nc6 6. 0-0 Nf6 7. d4 Be7 8. Ne5 Bd7 9. Nxd7 Qxd7 10. dxc5 Bxc5 11. Re1+ Be7 12. Bg5 0-0-0 13. Qf3 h6 14. Bf4 Bd6 15. Rad1 Qf5 1/2-1/2

[Event "Guben op 11th"]
[Site "Guben"]
[Date "2008.01.05"]
[Round "5"]
[White "Berthold, Andreas"]
[Black "Dunaj, Konrad"]
[Result "1-0"]
[WhiteElo "2186"]
[BlackElo "1760"]
[PlyCount "113"]
[EventDate "2008.01.02"]
[EventType "swiss"]
[EventRounds "9"]
[EventCountry "GER"]
[SourceTitle "CBM 122 Extra"]
[Source "ChessBase"]
[SourceDate "2008.03.04"]
[SourceVersion "1"]
[SourceVersionDate "2008.03.04"]
[SourceQuality "1"]

1. e4 c6 2. d4 d5 3. e5 Bf5 4. Nf3 e6 5. Be2 c5 6. c4 Ne7 7. 0-0 Nbc6 8. dxc5 d4 9. Qa4 d3 10. Bd1 Ng6 11. b4 Qd7 12. Re1 Rd8 13. Nc3 a6 14. Bg5 Be7 15. Bxe7 Kxe7 16. b5 Nd4 17. Nd5+ exd5 18. Nxd4 dxc4 19. Nxf5+ Qxf5 20. bxa6 bxa6 21. Qxc4 Qe6 22. Qb4 Rb8 23. Qa3 Qc4 24. Bb3 Qb4 25. Qxa6 d2 26. Qd6+ Ke8 27. Red1 Rd8 28. Qc6+ Ke7 29. e6 Ne5 30. Qc7+ Kf6 31. exf7 Rd7 32. Qb6+ Qxb6 33. cxb6 Rb7 34. Rxd2 Rxb6 35. Rd4 Rf8 36. Rf4+ Kg5 37. g3 Rf6 38. Rxf6 Kxf6 39. Rc1 Nxf7 40. Rc6+ Kg5 41. Rc7 Nd6 42. Rxg7+ Kh6 43. Re7 Nf5 44. Rf7 Rxf7 45. Bxf7 Kg7 46. Bb3 Nd4 47. Kg2 Kf6 48. f3 Ke5 49. Kf2 h6 50. Ke3 Nf5+ 51. Kd3 Nd6 52. a4 Nb7 53. f4+ Kf5 54. Bd1 h5 55. Bxh5 Nc5+ 56. Ke3 Nxa4 57. g4+ 1-0

[Event "Guben op 11th"]
[Site "Guben"]
[Date "2008.01.05"]
[Round "3"]
[White "Berthold, Andreas"]
[Black "Oliwa, Marek"]
[Result "0-1"]
[WhiteElo "2186"]
[BlackElo "2407"]
[PlyCount "98"]
[EventDate "2008.01.02"]
[EventType "swiss"]
[EventRounds "9"]
[EventCountry "GER"]
[SourceTitle "CBM 122 Extra"]
[Source "ChessBase"]
[SourceDate "2008.03.04"]
[SourceVersion "1"]
[SourceVersionDate "2008.03.04"]
[SourceQuality "1"]

1. e4 Nf6 2. Nc3 Nc6 3. d4 d5 4. e5 Nd7 5. f4 Nb6 6. Nf3 Bg4 7. Be2 e6 8. 0-0 Be7 9. Ng5 Bxe2 10. Nxe2 g6 11. c3 Qd7 12. Qd3 h6 13. Nf3 0-0-0 14. Nd2 Na5 15. b3 c5 16. dxc5 Bxc5+ 17. Kh1 Be7 18. Nd4 Kb8 19. N2f3 Rc8 20. Be3 Qd8 21. Nb5 Nc6 22. a4 Nd7 23. b4 Ka8 24. a5 g5 25. g3 gxf4 26. gxf4 Qg8 27. Nd6 Bxd6 28. exd6 Qh7 29. Qd2 Qe4 30. b5 Nd8 31. Rae1 Qc4 32. Bd4 Re8 33. Ne5 Nxe5 34. fxe5 Qxb5 35. Qxh6 Rc4 36. Qe3 f5 37. Rg1 Nc6 38. Rb1 Qa4 39. Rg7 Rb8 40. Rc7 Qa2 41. Rg1 Qxa5 42. h4 Ra4 43. h5 Nxd4 44. cxd4 Ra3 45. Qe2 Rh3+ 46. Kg2 Qa3 47. Rg7 f4 48. Qf2 Rxh5 49. Kf1 Rh3 0-1

[Event "Oberliga Nord O 0708"]
[Site "Germany"]
[Date "2007.10.21"]
[Round "1.5"]
[White "Volkmer, Andreas"]
[Black "Berthold, Andreas"]
[Result "1/2-1/2"]
[WhiteElo "2202"]
[BlackElo "2186"]
[PlyCount "32"]
[EventDate "2007.10.21"]
[EventType "team-tourn"]
[EventRounds "9"]
[EventCountry "GER"]
[SourceTitle "EXT 2009"]
[Source "ChessBase"]
[SourceDate "2008.11.26"]
[SourceVersion "1"]
[SourceVersionDate "2008.11.26"]
[SourceQuality "1"]
[WhiteTeam "Pankow Rotation"]
[BlackTeam "Cottbus"]
[WhiteTeamCountry "GER"]
[BlackTeamCountry "GER"]

1. Nc3 c5 2. e4 Nc6 3. Nf3 e5 4. Bc4 Be7 5. a3 Nf6 6. d3 d6 7. h3 Be6 8. 0-0 d5 9. Ba2 dxe4 10. Nxe4 Bxa2 11. Rxa2 Qd5 12. Nc3 Qd6 13. Nb5 Qb8 14. Re1 0-0 15. Bg5 Re8 16. Nc3 Qd6 1/2-1/2

[Event "Oberliga Nord O 0506"]
[Site "Germany"]
[Date "2006.04.02"]
[Round "9.6"]
[White "Berthold, Andreas"]
[Black "Niehaus, Frank"]
[Result "1-0"]
[WhiteElo "2154"]
[BlackElo "2204"]
[PlyCount "75"]
[EventDate "2005.10.23"]
[EventType "team-tourn"]
[EventRounds "9"]
[EventCountry "GER"]
[SourceTitle "EXT 2007"]
[Source "ChessBase"]
[SourceDate "2006.11.23"]
[SourceVersion "1"]
[SourceVersionDate "2006.11.23"]
[SourceQuality "1"]
[WhiteTeam "Cottbus"]
[BlackTeam "Berlin II"]
[WhiteTeamCountry "GER"]
[BlackTeamCountry "GER"]

1. e4 c5 2. Nc3 Nc6 3. g3 g6 4. Bg2 Bg7 5. d3 d6 6. Be3 e6 7. Qd2 Rb8 8. Nge2 Nd4 9. Nc1 b5 10. 0-0 Ne7 11. Nd1 0-0 12. c3 Ndc6 13. Bh6 d5 14. Bxg7 Kxg7 15. exd5 exd5 16. Nb3 Qd6 17. d4 c4 18. Nc5 a5 19. Ne3 h5 20. f4 Rh8 21. Rae1 b4 22. Qe2 bxc3 23. bxc3 Rb5 24. Nxd5 Nxd5 25. Qxc4 Nxc3 26. Bxc6 Qxc6 27. Ne6+ Qxe6 28. Rxe6 Bxe6 29. Qxc3 Rc8 30. Qa1 Bf5 31. d5+ Kg8 32. d6 Bd7 33. Rc1 Re8 34. Re1 Rc8 35. Re7 Rc2 36. Rxd7 Rbb2 37. Rd8+ Kg7 38. Qf1 1-0

[Event "Oberliga Nord O 0506"]
[Site "Germany"]
[Date "2006.03.12"]
[Round "8.6"]
[White "Noack, Thomas"]
[Black "Berthold, Andreas"]
[Result "1/2-1/2"]
[WhiteElo "2008"]
[BlackElo "2154"]
[PlyCount "45"]
[EventDate "2005.10.23"]
[EventType "team-tourn"]
[EventRounds "9"]
[EventCountry "GER"]
[SourceTitle "EXT 2007"]
[Source "ChessBase"]
[SourceDate "2006.11.23"]
[SourceVersion "1"]
[SourceVersionDate "2006.11.23"]
[SourceQuality "1"]
[WhiteTeam "Frankfurt Preussen"]
[BlackTeam "Cottbus"]
[WhiteTeamCountry "GER"]
[BlackTeamCountry "GER"]

1. e4 c5 2. Nc3 e6 3. g3 d5 4. exd5 exd5 5. d4 cxd4 6. Qxd4 Nf6 7. Bg5 Be7 8. Bb5+ Nc6 9. Bxf6 Bxf6 10. Qc5 Bd7 11. 0-0-0 Bxc3 12. bxc3 Ne7 13. Re1 Bxb5 14. Qxb5+ Qd7 15. Qc5 f6 16. Nf3 Kf7 17. Rxe7+ Qxe7 18. Qxd5+ Qe6 19. Qxb7+ Qe7 20. Qd5+ Qe6 21. Qb7+ Qe7 22. Qd5+ Qe6 23. Qb7+ 1/2-1/2

[Event "CFriend AT-2005-0-00443 email"]
[Site "Chessfriend.com"]
[Date "2006.01.02"]
[Round "1"]
[White "Hassim, Unes"]
[Black "Berthold, Andreas"]
[Result "1/2-1/2"]
[WhiteElo "2241"]
[BlackElo "2115"]
[PlyCount "49"]
[EventDate "2006.??.??"]
[EventType "tourn (corr)"]
[EventRounds "2"]
[SourceTitle "Corr 2024"]
[Source "ChessBase"]
[SourceDate "2023.10.19"]
[SourceVersion "1"]
[SourceVersionDate "2023.10.19"]
[SourceQuality "1"]

1. e4 e5 2. Nf3 Nc6 3. Bb5 a6 4. Ba4 Nf6 5. 0-0 b5 6. Bb3 Be7 7. Re1 0-0 8. h3 Bb7 9. d3 d6 10. a3 Na5 11. Ba2 c5 12. Nc3 Nc6 13. Nd5 Nxd5 14. Bxd5 Qc7 15. c3 Nb8 16. Bxb7 Qxb7 17. Nh2 Nd7 18. Nf1 d5 19. Ne3 dxe4 20. Nf5 Rfe8 21. Bh6 g6 22. Nxe7+ Rxe7 23. Rxe4 Nf6 24. Rh4 Re6 25. Qd2 1/2-1/2

[Event "CFriend AT-2005-0-00438 email"]
[Site "Chessfriend.com"]
[Date "2005.12.27"]
[Round "1"]
[White "Buczinski, Henryk"]
[Black "Berthold, Andreas"]
[Result "1-0"]
[WhiteElo "2171"]
[BlackElo "2115"]
[PlyCount "25"]
[EventDate "2005.??.??"]
[EventType "tourn (corr)"]
[EventRounds "2"]
[SourceTitle "Corr 2024"]
[Source "ChessBase"]
[SourceDate "2023.10.19"]
[SourceVersion "1"]
[SourceVersionDate "2023.10.19"]
[SourceQuality "1"]

1. b4 e5 2. Bb2 Bxb4 3. Bxe5 Nf6 4. c3 Ba5 5. e3 Nc6 6. Bxf6 Qxf6 7. d4 0-0 8. Bd3 Re8 9. Ne2 d6 10. Nd2 Bg4 11. Qc2 Qh4 12. 0-0 Bxe2 13. Bxe2 1-0

[Event "CFriend AT-2005-0-00437 email"]
[Site "Chessfriend.com"]
[Date "2005.12.27"]
[Round "1"]
[White "Gutierrez, Renzo"]
[Black "Berthold, Andreas"]
[Result "1-0"]
[WhiteElo "2271"]
[BlackElo "2115"]
[PlyCount "37"]
[EventDate "2005.??.??"]
[EventType "tourn (corr)"]
[EventRounds "2"]
[SourceTitle "Corr 2024"]
[Source "ChessBase"]
[SourceDate "2023.10.19"]
[SourceVersion "1"]
[SourceVersionDate "2023.10.19"]
[SourceQuality "1"]

1. e4 e5 2. Nf3 Nc6 3. Bb5 a6 4. Ba4 Nf6 5. 0-0 Be7 6. Re1 b5 7. Bb3 0-0 8. h3 Bb7 9. d3 d6 10. a3 Nb8 11. Nbd2 Nbd7 12. Nf1 Re8 13. Ng3 c6 14. Nf5 Bf8 15. Nh2 d5 16. Qf3 dxe4 17. dxe4 c5 18. c4 Qb6 19. Ng4 1-0

[Event "CFriend AT-2005-0-00356 email"]
[Site "Chessfriend.com"]
[Date "2005.11.06"]
[Round "1"]
[White "Herbst, Bernd"]
[Black "Berthold, Andreas"]
[Result "1-0"]
[WhiteElo "2260"]
[BlackElo "2115"]
[PlyCount "45"]
[EventDate "2005.??.??"]
[EventType "tourn (corr)"]
[EventRounds "2"]
[SourceTitle "Corr 2024"]
[Source "ChessBase"]
[SourceDate "2023.10.19"]
[SourceVersion "1"]
[SourceVersionDate "2023.10.19"]
[SourceQuality "1"]

1. e4 c5 2. Nc3 Nc6 3. Nf3 d6 4. d4 cxd4 5. Nxd4 Nf6 6. Bg5 e6 7. Bb5 Bd7 8. Nb3 Be7 9. Bxf6 gxf6 10. Qg4 Qb6 11. a4 a6 12. a5 Qc7 13. Qg7 Rf8 14. Bxc6 Bxc6 15. 0-0 0-0-0 16. Nd4 d5 17. Nxc6 bxc6 18. exd5 cxd5 19. g3 h5 20. Qh7 f5 21. Qxh5 Kb7 22. Rfd1 Bd6 23. Qf3 1-0

[Event "CFriend AT-2005-0-00345 email"]
[Site "Chessfriend.com"]
[Date "2005.11.03"]
[Round "1"]
[White "Rolle, Hannes"]
[Black "Berthold, Andreas"]
[Result "1-0"]
[WhiteElo "2235"]
[BlackElo "2115"]
[PlyCount "29"]
[EventDate "2005.??.??"]
[EventType "tourn (corr)"]
[EventRounds "2"]
[SourceTitle "Corr 2024"]
[Source "ChessBase"]
[SourceDate "2023.10.19"]
[SourceVersion "1"]
[SourceVersionDate "2023.10.19"]
[SourceQuality "1"]

1. d4 Nf6 2. c4 g6 3. Nc3 Bg7 4. e4 d6 5. f3 0-0 6. Be3 e5 7. d5 Nh5 8. Qd2 f5 9. exf5 gxf5 10. 0-0-0 Na6 11. Bd3 Bd7 12. Nge2 Nc5 13. Bxc5 dxc5 14. Kb1 Qg5 15. Qxg5 1-0

[Event "CFriend AT-2005-0-00340 email"]
[Site "Chessfriend.com"]
[Date "2005.10.31"]
[Round "1"]
[White "Wosch, Arkadiusz"]
[Black "Berthold, Andreas"]
[Result "1-0"]
[WhiteElo "2252"]
[BlackElo "2115"]
[PlyCount "41"]
[EventDate "2005.??.??"]
[EventType "tourn (corr)"]
[EventRounds "2"]
[SourceTitle "Corr 2024"]
[Source "ChessBase"]
[SourceDate "2023.10.19"]
[SourceVersion "1"]
[SourceVersionDate "2023.10.19"]
[SourceQuality "1"]

1. e4 c5 2. Nf3 d6 3. d4 cxd4 4. Nxd4 Nf6 5. Nc3 Nc6 6. Bg5 e6 7. Qd2 Be7 8. 0-0-0 0-0 9. f4 h6 10. Bxf6 Bxf6 11. Ndb5 e5 12. Nd5 exf4 13. Nxf6+ Qxf6 14. Be2 Be6 15. Rhf1 Rad8 16. Qxf4 Qxf4+ 17. Rxf4 d5 18. exd5 Bxd5 19. Rf2 a6 20. c4 Be4 21. Nd6 1-0

[Event "CFriend AT-2005-0-00325 email"]
[Site "Chessfriend.com"]
[Date "2005.10.13"]
[Round "1"]
[White "Berthold, Andreas"]
[Black "Willoughby, Peter"]
[Result "1/2-1/2"]
[WhiteElo "2115"]
[BlackElo "1706"]
[PlyCount "66"]
[EventDate "2005.??.??"]
[EventType "tourn (corr)"]
[EventRounds "2"]
[SourceTitle "Corr 2024"]
[Source "ChessBase"]
[SourceDate "2023.10.19"]
[SourceVersion "1"]
[SourceVersionDate "2023.10.19"]
[SourceQuality "1"]

1. e4 e5 2. Nf3 Nc6 3. Bb5 a6 4. Ba4 Nf6 5. 0-0 Be7 6. Re1 b5 7. Bb3 d6 8. c3 0-0 9. h3 Nb8 10. d4 Nbd7 11. Bg5 Bb7 12. Nbd2 h6 13. Bh4 c5 14. Bg3 Qc7 15. Nh4 Rfe8 16. Nf5 Bf8 17. d5 g6 18. Ne3 Bg7 19. Bc2 a5 20. a4 b4 21. Bd3 Reb8 22. Qc2 Nh5 23. Bh2 Rd8 24. Bb5 Ndf6 25. Nec4 Nf4 26. cxb4 axb4 27. Bxf4 exf4 28. Nf3 Qb8 29. Qd2 g5 30. Nb6 Ra7 31. Nc4 Ra8 32. Nb6 Ra7 33. Nc4 Ra8 1/2-1/2

[Event "CFriend AT-2005-0-00325 email"]
[Site "Chessfriend.com"]
[Date "2005.10.13"]
[Round "1"]
[White "Willoughby, Peter"]
[Black "Berthold, Andreas"]
[Result "1/2-1/2"]
[WhiteElo "1706"]
[BlackElo "2115"]
[PlyCount "83"]
[EventDate "2005.??.??"]
[EventType "tourn (corr)"]
[EventRounds "2"]
[SourceTitle "Corr 2024"]
[Source "ChessBase"]
[SourceDate "2023.10.19"]
[SourceVersion "1"]
[SourceVersionDate "2023.10.19"]
[SourceQuality "1"]

1. e4 c5 2. Nf3 d6 3. Bb5+ Bd7 4. Bxd7+ Nxd7 5. 0-0 Ngf6 6. Qe2 e6 7. d4 cxd4 8. Nxd4 Be7 9. Nc3 0-0 10. Rd1 a6 11. Nf3 Qc7 12. Bf4 Rfd8 13. Rd3 Ne5 14. Nxe5 dxe5 15. Rxd8+ Rxd8 16. Bg5 h6 17. Bd2 Qb6 18. Be1 Rd4 19. Rd1 Bb4 20. Na4 Rxd1 21. Qxd1 Qc6 22. Bxb4 Qxa4 23. a3 Nxe4 24. Qd8+ Kh7 25. f3 Nf6 26. Qd3+ Kg8 27. Qd8+ Qe8 28. Qc7 Qd7 29. Qxe5 Qd1+ 30. Be1 Nd5 31. h3 b5 32. c3 Qb1 33. b4 Qc1 34. g3 Qxa3 35. h4 Qc1 36. Kf2 Qc2+ 37. Qe2 Qxe2+ 38. Kxe2 e5 39. Kd3 f5 40. c4 Nc7 41. Bc3 bxc4+ 42. Kxc4 1/2-1/2

[Event "CFriend AT-2005-0-00322 email"]
[Site "Chessfriend.com"]
[Date "2005.10.10"]
[Round "1"]
[White "Kresz, Laszlo"]
[Black "Berthold, Andreas"]
[Result "1-0"]
[WhiteElo "2207"]
[BlackElo "2115"]
[PlyCount "71"]
[EventDate "2005.??.??"]
[EventType "tourn (corr)"]
[EventRounds "2"]
[SourceTitle "Corr 2024"]
[Source "ChessBase"]
[SourceDate "2023.10.19"]
[SourceVersion "1"]
[SourceVersionDate "2023.10.19"]
[SourceQuality "1"]

1. d4 Nf6 2. c4 g6 3. Nc3 Bg7 4. e4 d6 5. Be2 0-0 6. Nf3 Bg4 7. Be3 Nfd7 8. Qd2 c5 9. d5 Re8 10. h3 Bxf3 11. gxf3 Nf6 12. h4 h5 13. f4 Nbd7 14. Rg1 Kh7 15. 0-0-0 b5 16. Nxb5 Nxe4 17. Qc2 f5 18. Bd3 a6 19. Bxe4 fxe4 20. Qxe4 Nf8 21. Rxg6 Nxg6 22. Rg1 Bxb2+ 23. Kxb2 Rg8 24. Rg5 axb5 25. f5 Nf4 26. f6+ Kh8 27. Bxf4 Rxg5 28. fxe7 Qa5 29. e8Q+ Rxe8 30. Qxe8+ Kh7 31. Bxg5 Qb4+ 32. Kc2 Qxc4+ 33. Kd1 Qxd5+ 34. Ke1 Kg7 35. Qxb5 Qxa2 36. Qd7+ 1-0

[Event "CFriend AT-2005-0-00301 email"]
[Site "Chessfriend.com"]
[Date "2005.09.25"]
[Round "1"]
[White "Puth, Dieter"]
[Black "Berthold, Andreas"]
[Result "1-0"]
[WhiteElo "2206"]
[BlackElo "2115"]
[PlyCount "45"]
[EventDate "2005.??.??"]
[EventType "tourn (corr)"]
[EventRounds "2"]
[SourceTitle "Corr 2024"]
[Source "ChessBase"]
[SourceDate "2023.10.19"]
[SourceVersion "1"]
[SourceVersionDate "2023.10.19"]
[SourceQuality "1"]

1. e4 c5 2. Nf3 d6 3. d4 cxd4 4. Nxd4 Nf6 5. Nc3 Nc6 6. Bg5 e6 7. Qd2 Be7 8. 0-0-0 0-0 9. f4 h6 10. Bh4 e5 11. Nf5 Bxf5 12. exf5 exf4 13. Kb1 d5 14. Bxf6 Bxf6 15. Nxd5 Be5 16. c3 Ne7 17. Bc4 Nxf5 18. Qe2 Re8 19. Bb5 Re6 20. Nxf4 Rd6 21. Nd3 Bf6 22. Nc5 b6 23. Ne4 1-0

[Event "CFriend AT-2005-0-00300 email"]
[Site "Chessfriend.com"]
[Date "2005.09.24"]
[Round "1"]
[White "Krol, Wladyslaw Jakub"]
[Black "Berthold, Andreas"]
[Result "1/2-1/2"]
[WhiteElo "2228"]
[BlackElo "2115"]
[PlyCount "38"]
[EventDate "2005.??.??"]
[EventType "tourn (corr)"]
[EventRounds "2"]
[SourceTitle "Corr 2024"]
[Source "ChessBase"]
[SourceDate "2023.10.19"]
[SourceVersion "1"]
[SourceVersionDate "2023.10.19"]
[SourceQuality "1"]

1. e4 c5 2. f4 Nc6 3. Nf3 e6 4. c3 d5 5. d3 dxe4 6. Ng5 exd3 7. Bxd3 Nf6 8. Qe2 Be7 9. Nd2 Nd5 10. 0-0 Nxf4 11. Rxf4 Bxg5 12. Rf3 e5 13. Bc4 0-0 14. Rd3 Qb6 15. Qh5 Bxd2 16. Bxd2 Na5 17. Bd5 c4+ 18. Be3 Qxb2 19. Rdd1 Qxc3 1/2-1/2

[Event "CFriend AT-2005-0-00291 email"]
[Site "Chessfriend.com"]
[Date "2005.09.15"]
[Round "1"]
[White "Berthold, Andreas"]
[Black "Jimenez, Joaquin"]
[Result "1/2-1/2"]
[WhiteElo "2115"]
[BlackElo "2270"]
[PlyCount "51"]
[EventDate "2005.??.??"]
[EventType "tourn (corr)"]
[EventRounds "2"]
[SourceTitle "Corr 2024"]
[Source "ChessBase"]
[SourceDate "2023.10.19"]
[SourceVersion "1"]
[SourceVersionDate "2023.10.19"]
[SourceQuality "1"]

1. e4 e5 2. Nf3 Nc6 3. Bb5 a6 4. Ba4 Nf6 5. 0-0 Be7 6. Re1 b5 7. Bb3 d6 8. c3 0-0 9. h3 Nb8 10. d4 Nbd7 11. Nbd2 Bb7 12. Bc2 Re8 13. Nf1 Bf8 14. Ng3 g6 15. a4 c5 16. d5 c4 17. Be3 Nc5 18. Qe2 Nfd7 19. Nd2 Qc7 20. Ra3 Bg7 21. Rea1 Nb6 22. axb5 axb5 23. Qg4 Rxa3 24. Rxa3 Bc8 25. Qd1 Bd7 26. Qa1 1/2-1/2